| 000 | 00877nam a22002177a 4500 | ||
|---|---|---|---|
| 999 |
_c12416 _d12416 |
||
| 003 | AR-CdUCM | ||
| 008 | 190408b ||||| |||| 00| 0 spa d | ||
| 040 |
_aMUNICIPALIDAD PROVINCIAL DEL CUSCO _cBIBLIOTECA MUNICIPAL DEL CUSCO |
||
| 082 |
_a305.800 / _bI77 / 2005 |
||
| 100 |
_aIsbell, Billie Jean. _930262 |
||
| 245 |
_aPara defendernos : _becología y ritual en un pueblo andino / |
||
| 260 |
_aCuzco : _bCentro de Estudios Regionales Andinos Bartolomé de Las Casas, _c2005. |
||
| 300 |
_a335 páginas ; _bFotografías, _c23 cm. |
||
| 440 |
_aAntropología _n06 _930263 |
||
| 505 | _aContenido: Introducción -- La comunidad en el contexto de una nacion cambiante -- Las clases sociales de Chuschi -- La estructura política... | ||
| 650 |
_aChuschi _930264 |
||
| 650 |
_aTerrorismo _91688 |
||
| 650 |
_aAyacucho _93896 |
||
| 942 |
_2ddc _cLIBROS |
||
| 945 |
_adavv _d08/04/2019 |
||